000 00366nam a2200145Ia 4500
008 150201s1986 xx 000 0 und d
082 _a612.015
_bM1986S
100 _aSINGH,K.P.
245 _aMANUAL OF PRACTICAL BIOCHEMISTRY
250 _a1ST
260 _bSCIENTIFIC BOOK PUBLICATION
_aDELHI
_c1986
300 _a1-204
650 _aBIOCHEMISTRY
942 _2ddc
_cBK
999 _c3236
_d3236